[Event "FRA-chT Top 16 Gp Basse"]
[Site "Chartres"]
[Date "2023.06.08"]
[Round "1.3"]
[White "Monpeurt, Cyrielle"]
[Black "Koch, Marion"]
[Result "1-0"]
[WhiteElo "2147"]
[BlackElo "1648"]
[PlyCount "31"]
[EventDate "2023.06.08"]
[EventType "team-tourn"]
[EventRounds "4"]
[EventCountry "FRA"]
[SourceTitle "CBM 214 Extra"]
[Source "ChessBase"]
[SourceDate "2023.07.31"]
[SourceVersion "1"]
[SourceVersionDate "2023.07.31"]
[SourceQuality "1"]
[WhiteTeam "St Quentin"]
[BlackTeam "Strasbourg"]
[WhiteTeamCountry "FRA"]
[BlackTeamCountry "FRA"]

1. e4 e5 2. Nc3 Nf6 3. f4 d5 4. fxe5 Nxe4 5. Qf3 Nxc3 6. dxc3 Be7 7. Bf4 Be6 8. 0-0-0 Bg5 9. Kb1 Bxf4 10. Qxf4 Qe7 11. Nf3 Nd7 12. Bd3 0-0-0 13. Rhf1 f6 14. exf6 Nxf6 15. Rde1 Qd7 16. Rxe6 1-0

[Event "FRA-ch U16 Girls"]
[Site "Saint Paul Trois Chateaux"]
[Date "2013.04.30"]
[Round "3"]
[White "Koch, Marion"]
[Black "Haussernot, Cecile"]
[Result "0-1"]
[WhiteElo "1644"]
[BlackElo "2077"]
[PlyCount "66"]
[EventDate "2013.04.28"]
[EventType "swiss"]
[EventRounds "9"]
[EventCountry "FRA"]
[SourceTitle "CBM 154 Extra"]
[Source "ChessBase"]
[SourceDate "2013.06.25"]
[SourceVersion "2"]
[SourceVersionDate "2013.06.25"]
[SourceQuality "1"]

1. d4 Nf6 2. Nf3 e6 3. Bg5 h6 4. Bh4 c5 5. c3 Nc6 6. e3 d5 7. Bd3 Bd6 8. Nbd2 0-0 9. 0-0 cxd4 10. exd4 Re8 11. Re1 e5 12. dxe5 Bxe5 13. Nxe5 Nxe5 14. Bb5 Re6 15. Nb3 Ng6 16. Bxf6 Qxf6 17. Qxd5 Nf4 18. Qd4 Qg5 19. Bf1 Rxe1 20. Rxe1 Be6 21. g3 Nh3+ 22. Bxh3 Bxh3 23. Qe5 Qg4 24. Qe4 Qd7 25. Qd4 Qc7 26. Qe5 Qc6 27. Qe4 Qa6 28. Nc5 Qxa2 29. Qxb7 Rd8 30. Ne4 Qc4 31. Qb4 Qe2 32. Ra1 Rd1+ 33. Rxd1 Qxd1# 0-1

[Event "FRA-ch U16 Girls"]
[Site "Nimes"]
[Date "2012.04.16"]
[Round "4"]
[White "Koch, Marion"]
[Black "Rouzes, Sibylle Anne"]
[Result "0-1"]
[WhiteElo "1570"]
[BlackElo "1607"]
[PlyCount "80"]
[EventDate "2012.04.14"]
[EventType "swiss"]
[EventRounds "9"]
[EventCountry "FRA"]
[SourceTitle "CBM 148 Extra"]
[Source "ChessBase"]
[SourceDate "2012.06.22"]
[SourceVersion "1"]
[SourceVersionDate "2012.06.22"]
[SourceQuality "1"]

1. d4 d5 2. c4 e6 3. Nc3 Nf6 4. Nf3 c6 5. Bg5 Nbd7 6. e3 Qa5 7. Nd2 Bb4 8. Qc2 0-0 9. Be2 Re8 10. 0-0 Bd6 11. c5 Bb8 12. f4 Qc7 13. h3 b6 14. b4 a5 15. a3 Ba6 16. Nf3 Bxe2 17. Qxe2 Kh8 18. Ne5 bxc5 19. bxc5 Nxe5 20. fxe5 Ng8 21. Qh5 Rf8 22. Bf4 Qe7 23. Rab1 f6 24. exf6 Nxf6 25. Qe2 Bxf4 26. Rxf4 e5 27. Rf2 Kg8 28. Rb6 Rfc8 29. Qd2 exd4 30. exd4 Rab8 31. Re2 Qc7 32. Rxb8 Rxb8 33. Qe1 Qf4 34. Re6 Qxd4+ 35. Kh1 Qxc5 36. Qe5 Rf8 37. Ne2 Qc2 38. Nd4 Qc1+ 39. Kh2 c5 40. Qxd5 Nxd5 0-1